Ładuje się......

Earthworms (Oligochaeta: Annelida) of Orissa, India

Opis bibliograficzny
Główni autorzy: Julka, J M; Author, Senapati, B K; Author, Zoological Survey of India; Editor
Format: Printed Book
Wydane: Calcutta, Zoological Survey of India 1987
Seria:Records of the Zoological Survey of India; Miscellaneous Publication; Occasional Paper
Hasła przedmiotowe:
LEADER 009180000a22002410004500
082 |a 592.640 954 133 M7 
100 |a Julka, J M; Author 
100 |a Senapati, B K; Author 
100 |a Zoological Survey of India; Editor 
245 |a Earthworms (Oligochaeta: Annelida) of Orissa, India 
260 |a Calcutta, Zoological Survey of India 
260 |c 1987 
460 |a 49p 
465 |a Rs.30.00 
490 |a Records of the Zoological Survey of India; Miscellaneous Publication; Occasional Paper  |c 92 
500 |a Includes bibliographical references and figures 
500 |a J M Julka and B K Senapati 
650 |a Annelida-Orissa-India 
650 |a Earthworms-Orissa-India 
650 |a Oligochaeta-Orissa-India 
942 |c BK 
999 |c 40611  |d 40611 
952 |0 0  |1 0  |4 0  |6 592_640000000000000_954_133_M7  |7 0  |8 REF  |9 41166  |a MGUL  |b MGUL  |d 2013-07-16  |e Rs.30.00  |l 0  |o 592.640 954 133 M7  |p G01559  |r 2013-07-16  |w 2013-07-16  |y REF